000 00488nam a2200181Ia 4500
999 _c29441
_d29441
003 OSt
005 20201120103725.0
008 190216s9999||||xx |||||||||||||| ||und||
020 _a9788122603286
040 _coclc
082 _a920
_bPRA/K
100 _aPrakasham, R
_96798
245 0 _aKalathinotha Police /
_cR Prakasham
260 _bCurrent Books,
_aThrissur:
_c2003.
300 _a110p
650 _aBiography
942 _cBK
_2ddc
_h920
_iPRA/K
_k920
_mPRA/K